[Event "Carris GD op 3rd"]
[Site "Portugal"]
[Date "2005.??.??"]
[Round "6"]
[White "Alho, Diogo Henriques"]
[Black "Carneiro, Carlos Alberto Carv"]
[Result "1-0"]
[WhiteElo "2167"]
[BlackElo "2221"]
[PlyCount "107"]
[EventDate "2005.??.??"]
[EventType "swiss"]
[EventRounds "7"]
[EventCountry "POR"]
[SourceTitle "EXT 2007"]
[Source "ChessBase"]
[SourceDate "2006.11.23"]
[SourceVersion "1"]
[SourceVersionDate "2006.11.23"]
[SourceQuality "1"]

1. d4 Nf6 2. Bg5 g6 3. Nc3 d5 4. Bxf6 exf6 5. e3 c6 6. Bd3 Qb6 7. Rb1 Bg7 8. Qf3 0-0 9. Nge2 Na6 10. a3 Nc7 11. g4 Re8 12. h4 Ne6 13. Kd2 Qc7 14. Qg2 Qe7 15. Rbe1 b5 16. f4 Nf8 17. Nc1 Qd6 18. h5 h6 19. hxg6 fxg6 20. Nb3 a5 21. f5 Nh7 22. Nc5 gxf5 23. gxf5 Ng5 24. b4 axb4 25. axb4 Ra7 26. Qg4 Rae7 27. Rhg1 Qh2+ 28. Rg2 h5 29. Qxg5 fxg5 30. Rxh2 Bxd4 31. Rxh5 Bxe3+ 32. Rxe3 Rxe3 33. Rxg5+ Kf7 34. Ne6 Rh3 35. Rg7+ Kf6 36. Rc7 Rh2+ 37. Kc1 Bxe6 38. Rxc6 Ke5 39. Rxe6+ Rxe6 40. fxe6 Kxe6 41. Nxb5 Ke5 42. c3 Ke6 43. Bc2 Kd7 44. Kb2 Kc6 45. Nd4+ Kb6 46. Kb3 Rh3 47. Bf5 Rh5 48. Bg6 Re5 49. Bf7 Rg5 50. Be8 Re5 51. Bc6 Rg5 52. b5 Re5 53. Nc2 Kc5 54. Nb4 1-0

[Event "Coimbra Classics 2nd"]
[Site "Coimbra"]
[Date "2003.11.07"]
[Round "4"]
[White "Alho, Diogo Henriques"]
[Black "Figueiredo, Helder"]
[Result "1-0"]
[WhiteElo "2086"]
[BlackElo "2018"]
[PlyCount "45"]
[EventDate "2003.10.31"]
[EventType "tourn"]
[EventRounds "9"]
[EventCountry "POR"]
[SourceTitle "CBM 097 Extra"]
[Source "ChessBase"]
[SourceDate "2004.01.13"]
[SourceVersion "1"]
[SourceVersionDate "2004.01.13"]
[SourceQuality "1"]

1. d4 e6 2. c4 b6 3. Nf3 Bb7 4. g3 Bb4+ 5. Bd2 Bxd2+ 6. Qxd2 g5 7. d5 g4 8. Nd4 Nf6 9. Bg2 exd5 10. Nf5 d6 11. cxd5 Na6 12. 0-0 Rg8 13. Nc3 Nd7 14. Qe3+ Ne5 15. f4 gxf3 16. exf3 Kd7 17. Bh3 Kc8 18. Ne7+ Kb8 19. Nxg8 Qxg8 20. f4 Ng6 21. Rfe1 c5 22. Qe8+ Qxe8 23. Rxe8+ 1-0